Spotify 2023年に日本で最も聴かれた曲ベスト100 - Statistics

General Stats
  • This quiz has been taken 264 times
  • The average score is 25 of 100
Answer Stats
順位 アーティスト名 曲名 % Correct
1位 YOASOBI アイドル
91%
2位 Vaundy 怪獣の花唄
78%
23位 優里 ドライフラワー
68%
22位 Mrs. GREEN APPLE 青と夏
65%
7位 なとり Overdose
62%
4位 Mrs. GREEN APPLE ダンスホール
60%
57位 YOASOBI 夜に駆ける
59%
77位 Official髭男dism Pretender
59%
29位 Mrs. GREEN APPLE ケセラセラ
55%
8位 スピッツ 美しい鰭
54%
5位 Tani Yuuki W/X/Y
54%
18位 back number 水平線
53%
6位 米津玄師 KICK BACK
53%
9位 優里 ベテルギウス
52%
73位 Ado
49%
3位 Official髭男dism Subtitle
48%
38位 Official髭男dism ミックスナッツ
47%
99位 あいみょん マリーゴールド
47%
81位 Mrs. GREEN APPLE インフェルノ
46%
10位 Saucy Dog シンデレラボーイ
45%
16位 Ado 新時代
45%
21位 Mrs. GREEN APPLE井上苑子 点描の唄
45%
12位 優里 ビリミリオン
43%
24位 YOASOBI 群青
43%
69位 YOASOBI 怪物
42%
95位 Official髭男dism I LOVE…
40%
34位 藤井風 きらり
39%
35位 キタニタツヤ 青のすみか
38%
39位 Ado 私は最強
37%
96位 Mrs. GREEN APPLE 私は最強
37%
11位 10-FEET 第ゼロ感
34%
15位 Mrs. GREEN APPLE Soranji
34%
46位 SEKAI NO OWARI Habit
33%
53位 緑黄色社会 Mela!
32%
82位 スピッツ チェリー
31%
89位 Vaundy 踊り子
31%
20位 マカロニえんぴつ なんでもないよ、
28%
70位 女王蜂 メフィスト
28%
37位 ヨルシカ ただ君に晴れ
27%
17位 YOASOBI 祝福
25%
48位 Aimer 残響散歌
25%
91位 BTS Dynamite
25%
87位 優里 レオ
23%
98位 Ado 逆光
22%
40位 Mrs. GREEN APPLE Magic
22%
33位 MY FIRST STORY I’m a mess
21%
83位 imase NIGHT DANCER
21%
30位 Official髭男dism 115万キロのフィルム
20%
63位 藤井風 死ぬのがいいわ
19%
68位 優里 シャッター
18%
100位 Saucy Dog いつか
18%
61位 Vaundy 不可幸力
17%
41位 MAN WITH A MISSION×milet 絆ノ奇跡
16%
64位 Mrs. GREEN APPLE,asmi ブルーアンビエンス
16%
90位 Mrs. GREEN APPLE ロマンチシズム
16%
13位 NewJeans OMG
16%
54位 milet×Aimer×幾田りら おもかげ(produced by Vaundy)
16%
58位 Kanaria 酔いどれ知らず
15%
14位 NewJeans Ditto
15%
44位 King Gnu カメレオン
14%
49位 MAISONdes,花譜,ツミキ トウキョウ・シャンディ・ランデヴ
14%
25位 back number アイラブユー
13%
28位 Novelbright 愛とか恋とか
13%
43位 Official髭男dism ホワイトノイズ
13%
60位 King Gnu SPECIALZ
13%
62位 wacci 恋だろ
12%
78位 back number 花束
12%
88位 あいみょん 君はロックを聴かない
12%
79位 Vaundy napori
12%
19位 Jung Kook Seven
12%
93位 米津玄師 地球儀-Spinning Globe
12%
65位 Conton Candy ファジーネーブル
11%
71位 back number HAPPY BIRTHDAY
11%
66位 幾田りら スパークル
10%
26位 百足&韻マン 君のまま
9%
67位 NewJeans Super Shy
9%
45位 あいみょん 愛の花
8%
56位 Tani Yuuki もう一度
8%
72位 Vaundy 花占い
8%
59位 NewJeans Hype Boy
8%
27位 Official髭男dism TATTOO
8%
47位 ヤングスキニー 本当はね、
7%
51位 藤井風 ガーデン
7%
50位 米津玄師 LADY
7%
75位 IVE I AM
5%
84位 Mrs. GREEN APPLE 春愁
4%
31位 Vaundy そんなbitterな話
4%
36位 BE:FIRST Boom Boom Back
4%
94位 imase Nagisa
4%
80位 LE SSERAFIM,Nile Rodgers UNFORGIVEN
4%
32位 マカロニえんぴつ リンジュー・ラヴ
3%
52位 indigo la End 名前は片想い
3%
55位 なとり フライデー・ナイト
3%
74位 由薫 星月夜
3%
92位 back number ベルベットの詩
3%
42位 LE SSERAFIM ANTIFRAGILE
3%
85位 BE:FIRST Bye-Good-Bye
3%
97位 ヨルシカ アルジャーノン
2%
86位 SugLawd Familiar,CHICO CARLITO,Awich LONGINESS REMIX
1%
76位 TWICE MOONLIGHT SUNRISE
1%
No matching quizzes found
Score Distribution
Percent of People with Each Score
Percentile by Number Answered
Your Score History
You have not taken this quiz